000 00784nam a2200241Ia 4500
001 18409
003 GE_BSU
008 181216s||||||||xx |||||||||||||| ||und||
020 _a9789941467
040 _cGE_BSU
080 _a821.133.1.4
100 _aვარგასი,ფრედ
245 _aნეპტუნის ქარიშხლები
245 _bდეტექტივი
245 _cფრანგულიდან თარგმნა:ემა ობგაიძემ
260 _aთბილისი
260 _bაგორა
260 _c2015
300 _a361გვ;20სმ.
653 _aნეპტუნის ქარიშხლები
653 _aფრანგული დეტექტივი
942 _cBK
999 _c51423
_d51423